000 01046nam a2200253 a 4500
001 52515
003 BD-RjUL
005 20211209075823.0
008 160921s1985 bg ||||| |||| 00| 0 ben d
035 _a(BD-RjUL)52635
040 _aBD-RjUL
_bben
_cBD-RjUL
_dBD-RjUL
041 _aben
082 _223
_a338.095492
_bSIB 1985
100 _aসিদ্দিকী, হাফিজ গোলাম আজম
_9157038
245 1 0 _aবাংলাদেশের শিল্প /
_cহাফিজ গোলাম আজম সিদ্দিকী,
260 _aঢাকা :
_bবাংলা একাডেমী,
_c১৯৮৫.
300 _a১১৫ পৃ. ;
_c১৮ সেমি.
490 _aভাষা-শহীদ গ্রন্থমালা
504 _aগ্রন্থপঞ্জি সংযুক্ত
650 _aশিল্প
_zবাংলাদেশ
_9157039
650 _aIndustry
_zBangladesh
_9157040
830 _aভাষা-শহীদ গ্রন্থমালা
_9127572
942 _2ddc
_cBK
999 _c52515
_d52515